Tänä päivänä Suomen historiassa - huhtikuu - Statistics

Yleistilastot
  • Tätä visaa on pelattu 104 kertaa
  • Keskiarvotulos 15 / 30
Vastaustilastot
Päivämäärä Vuosi Vihje Vastaus % Oikein
4.4. 1860 Julistus tämän rahayksikön käyttöönotosta Suomessa annetaan Markka
94%
1.4. 2002 Tämä maailman tehokkaimpana pidetty tarkka-ampuja kuolee Simo Häyhä
90%
6.4. 1918 Punaiset antautuvat valkoisille tässä kaupungissa ankarien taisteluiden jälkeen Tampere
83%
17.4. 2003 Tästä poliitikosta tulee Suomen ensimmäinen naispääministeri Anneli Jäätteenmäki
77%
28.4. 1989 Tämä tiedekeskus avataan Vantaan Tikkurilassa Heureka
77%
10.4. 1930 Tämä "viihteen yleismies" ja keksijä syntyy Kuopiossa, nimittäin Spede Pasanen
77%
14.4. 1931 Laki tästä vaihtoehtoisesta asevelvollisuuden suoritustavasta astui voimaan Siviilipalvelus
72%
27.4. 1945 Tämä sota päättyy, kun suomalaisjoukot nostavat lipun kolmen valtakunnan rajapyykille Kilpisjärvellä Lapin sota
70%
16.4. 1917 Tämä Suomessa maanpaossa ollut bolševikkijohtaja palaa Pietariin Vladimir Lenin
69%
3.4. 1932 Kansainvälinen yleisurheiluliitto IAAF julistaa tämän juoksijan ammattilaiseksi ja siten kilpailukieltoon Paavo Nurmi
68%
21.4. 1966 Suomen Kumitehdas ja Suomen kaapelitehdas yhdistyvät tähän osakeyhtiöön, josta kasvaa yksi Suomen suurimpia yrityksiä Nokia
67%
19.4. 1997 Tämä Suomen suurin monitoimihalli avataan Helsingissä Hartwall Areena
59%
20.4. 1911 Adolf Aarno yrittää käyttää tätä kulkuneuvoa ensimmäistä kertaa Suomessa Lentokone
56%
7.4. 1948 Suomi on yhtenä jäsenenä perustamassa tätä terveyteen keskittyvää kansainvälistä järjestöä WHO
56%
29.4. 1894 Keisari Aleksanteri II:n patsas tällä torilla Helsingissä paljastetaan Senaatintori
48%
8.4. 1812 Tämä Venäjän keisari julistaa Helsingin Suomen pääkaupungiksi Aleksanteri I
47%
12.4. 1963 Säästöhuippu-niminen 9-kerroksinen rakenteilla ollut kerrostalo sortuu tässä kaupungissa, kenenkään kuitenkaan loukkaantumatta Lahti
46%
26.4. 1920 Ludowika ja Walter Jakobsson voittavat itsenäisen Suomen ensimmäisen olympiakullan tässä lajissa Pariluistelu
46%
9.4. 1557 Tämä piispa ja uskonpuhdistaja kuolee Mikael Agricola
43%
5.4. 2020 Tämä luonnonsuojelija ja kalastaja kuolee Pentti Linkola
43%
22.4. 1931 Tämän aikakauslehden perustaja Urpo Lahtinen syntyy Hymy
42%
30.4. 1953 Ensimmäinen tästä Esa Pakarisen näyttelemästä hahmosta kertova elokuva saa ensi-iltansa Pekka Puupää
42%
11.4. 1979 Hallitus tekee periaatepäätöksen tämän pikkurahan valmistamisen lopettamisesta 1 pennin kolikko
32%
18.4. 1928 Tämän kaupungin joukkue Reipas voittaa ensimmäisen jääkiekon Suomen mestaruuden Viipuri
32%
15.4. 1921 Laki tästä kansalaisvelvollisuudesta annetaan Oppivelvollisuus
30%
23.4. 2000 Seppo Fränti ja Risto Vahanen siepataan 19 muun ihmisen mukana panttivangiksi tässä maassa Malesia
28%
13.4. 1963 Tämä Suomen kaikkien aikojen pisin mies kuolee Väinö Myllyrinne
26%
24.4. 1880 Tämä suomalaissyntyinen tutkimusmatkailija palaa onnistuneelta Koillisväylän purjehdukseltaan Tukholmaan A.E. Nordenskiöld
22%
25.4. 1918 Tämä sisällissodan punaisten johtava elin pakenee Neuvosto-Venäjälle Kansanvaltuuskunta
6%
2.4. 1881 Tämän kieliryhmän tärkeä äänenkannattaja, Östra Nyland-lehti, perustetaan Svekomaanit
4%
Ehtoja vastaavia visoja ei löytynyt
Tulosjakauma
Jokaisen tuloksen saaneiden osuus
Persentiili vastausten määrän mukaan
Tuloshistoriasi
Et ole pelannut tätä visaa